00720nam a2200217 a 450000100100000000500170001000800410002702000150006804000250008304100380010808200250014610000180017124000460018924500880023525000110032326000330033430000260036753400690039365000110046270000290047300002118420200930011245.0100901s2002 ag r 000 0 spa d a9501701581 aDO-SdBNPbspacBNPHU17aspahpor2Código de idioma MARC a155.937bT828m, 20021 aTrigueirinho,12aA morte sem medo e sem culpa.lEspañol.13aLa muerte sin miedo ni culpa / :bTrigueirinho ; traducción de Héctor V. Morel. a6a ed. aBuenos Aires :bKier,c2002. a122, [5] p. ;c20 cm. pTítulo original en portugués:tA morte sem medo e sem culpa. 4aMuerte1 aMorel, Héctor V.,etr.